| 000 | 01355cam a2200301 i 4500 | ||
|---|---|---|---|
| 003 | SA-RiAUC | ||
| 005 | 20250120135228.0 | ||
| 008 | 250120s1993____su g 000 0 ara c | ||
| 020 | _a2745132652 | ||
| 040 |
_aJU _bara _cSA-RiAUC _erda |
||
| 050 | 4 | _b.Z37 1993 | |
| 082 | 0 | 4 |
_a213 _qSA-RiAUC |
| 090 |
_a213 _b ز و ر |
||
| 100 | 1 |
_aزروق، أحمد بن أحمد بن محمد، _d846-899 هجري _eمؤلف. |
|
| 245 | 1 | 2 |
_aالنصيحة الكافية / _cلشهاب الدين أبو العباس أحمد بن أحمد بن محمد بن عيسى البرنسي الفاسي المعروف بزروق ؛ ضبط نصوصه وخرج أحاديثه وعلق عليه قيس بن محمد آل الشيخ مبارك. |
| 250 | _aالطبعة الأولى. | ||
| 264 | 1 |
_aالرياض : _bمكتبة الإمام الشافعي، _c1993 |
|
| 300 |
_a163 صفحة ؛ _c24 سم |
||
| 336 |
_aنص _btxt _2rdacontent _3كتاب |
||
| 337 |
_aبدون وسيط _bn _2rdamedia |
||
| 338 |
_aمجلد _bnc _2rdacarrier |
||
| 500 | _aيشتمل على كشافات. | ||
| 650 | 7 |
_aالوعظ والإرشاد _2aucsh |
|
| 650 | 7 |
_aالدعوة الإسلامية _2aucsh |
|
| 700 | 1 |
_aمبارك، قيس بن محمد آل الشيخ، _d1379 هجري- _eمعلق. |
|
| 942 |
_2ddc _cBOOK _n0 |
||
| 949 |
_aSA-JeALM _d250120 _uosman123 _n1 |
||
| 999 |
_c5023 _d5023 |
||